000 00212nam a22000857a 4500
999 _c11549
_d11549
008 190618b ||||| |||| 00| 0 eng d
100 _aRein Hard .B.J
_97258
245 _a Sanji's seed
260 _aMexico
_bLog
_c2000